| 000 | 00632 a2200217 4500 | ||
|---|---|---|---|
| 005 | 20250605115038.0 | ||
| 008 | 250604b |||||||| |||| 00| 0 eng d | ||
| 020 |
_a9788119133260 _cRs. 695.00 |
||
| 040 | _aMAIN | ||
| 082 |
_a305.6970954 _bB227B |
||
| 100 | _aBannur, Fakhruddin | ||
| 245 | _aBhartiya musalmano ki samaj sanrachna aur mansikta | ||
| 260 |
_bLokbharti Prakashan _c2023 _aParyagraj |
||
| 300 | _a230 | ||
| 650 | _aMuslim- India | ||
| 650 | _aMinorities- India | ||
| 650 | _aSocial psychology- Religious Groups | ||
| 650 | _aMuslim Communities- India | ||
| 650 | _aIslamic sociology | ||
| 942 | _cBK | ||
| 999 |
_c361688 _d361688 |
||